Tan(Light brown) animals - Statistics

General Stats
  • This quiz has been taken 27 times
    15 since last reset
  • The average score is 6 of 8
Answer Stats
Picture Answer % Correct
Camel
100%
Lion
100%
Cheetah
92%
Deer
92%
Meerkat
75%
alpaca
67%
Impala
25%
Ibex
17%
No matching quizzes found
Score Distribution
Percent of People with Each Score
Percentile by Number Answered
Your Score History
You have not taken this quiz since the last reset